000 00887nam a2200229Ia 4500
003 IN-BaIIA
008 211028s9999 xx 000 0 eng d
040 _cIIA Library
080 _a524-48
_bDEW-3
245 0 _aHigh energy astrophysics
_bvol. 3
_cedited by DeWitt C., Schatzman E. and Veron P.
260 _aNew York
_bGordon and Breach Science
_c1967
300 _axii, 449p.
490 _aUniversite de Grenoble Ecole D'Ete De Physique Theorique Cours Donnes Aux Houches En 1966 Aues Un
500 _aLectures delivered at Les Houches during the 1966 sessions of the Summer School of Theoretical Physics with a grant from NATO
650 _aAstronomy and Astrophysics Thesaurus
650 _aAstrophysics
_9794
650 _aHigh Energy Physics
_92205
700 _aDeWitt, C., ed.
_95620
700 _aSchatzman, E, ed.
_95621
700 _aVeron, P., ed.
_95622
942 _cBK
999 _c3165
_d3165